Annuaire Statistique de la Belgique 1983

Salvato in:
Dettagli Bibliografici
Natura: Libro
Lingua:francese
Pubblicazione: Bruxelles Institut National de Statistique 1983
Tags: Aggiungi Tag
Nessun Tag, puoi essere il primo ad aggiungerne!!

MARC

LEADER 00000nam a2200000 4500
001 c114719
005 20041019155159.4
041 0 |a fre 
044 |a BE 
245 1 0 |a Annuaire Statistique de la Belgique 1983 
264 1 |a Bruxelles  |b Institut National de Statistique  |c 1983 
300 |a 783 s.